MARC details
| 000 -CABECERA |
| campo de control de longitud fija |
01099cam a2200277 a 4500 |
| 001 - NÚMERO DE CONTROL |
| campo de control |
000006675 |
| 005 - FECHA Y HORA DE LA ÚLTIMA TRANSACCIÓN |
| campo de control |
20200929153955.0 |
| 008 - DATOS DE LONGITUD FIJA--INFORMACIÓN GENERAL |
| campo de control de longitud fija |
860425s1985 uy ab b 001 0 spa d |
| 010 ## - NÚMERO DE CONTROL DE LA BIBLIOTECA DEL CONGRESO |
| Número de control de LC |
85227139 |
| 040 ## - FUENTE DE LA CATALOGACIÓN |
| Centro catalogador/agencia de origen |
DO-SdBNP |
| Centro/agencia transcriptor |
DLC |
| Centro/agencia modificador |
DLC |
| -- |
BNPHU |
| 082 ## - NÚMERO DE LA CLASIFICACIÓN DECIMAL DEWEY |
| Número de clasificación |
959 |
| Número de documento/Ítem |
M463s |
| 049 ## - FONDOS LOCALES (OCLC) |
| Fondos de biblioteca |
BNGR |
| 100 1# - ENTRADA PRINCIPAL--NOMBRE DE PERSONA |
| Nombre de persona |
Max, Alphonse. |
| 9 (RLIN) |
18583 |
| 245 10 - MENCIÓN DE TÍTULO |
| Título |
Sudeste asiático : |
| Resto del título |
realidad y destino / |
| Mención de responsabilidad, etc. |
Alphonse Max ; prólogo por Santiago Rompani ; coordinación editorial y redacción a cargo del Prof. Alvaro Casal, con la colaboración de un equipo del Instituto de Estudios Internacionales. |
| 260 ## - PUBLICACIÓN, DISTRIBUCIÓN, ETC. |
| Lugar de publicación, distribución, etc. |
Montevideo : |
| Nombre del editor, distribuidor, etc. |
Artecolor ; |
| -- |
Instituto de Estudios Internacionales, |
| Fecha de publicación, distribución, etc. |
1985. |
| 300 ## - DESCRIPCIÓN FÍSICA |
| Extensión |
400 p. : |
| Otras características físicas |
il., mapa ; |
| Dimensiones |
21 cm. |
| 504 ## - NOTA DE BIBLIOGRAFÍA, ETC. |
| Nota de bibliografía, etc. |
Incluye bibliografía: p. 388-389. |
| 504 ## - NOTA DE BIBLIOGRAFÍA, ETC. |
| Nota de bibliografía, etc. |
Incluye índice |
| 504 ## - NOTA DE BIBLIOGRAFÍA, ETC. |
| Nota de bibliografía, etc. |
Incluye referencias al pie de páginas. |
| 651 #4 - PUNTO DE ACCESO ADICIONAL DE MATERIA--NOMBRE GEOGRÁFICO |
| Nombre geográfico |
Asia Sudoriental |
| 9 (RLIN) |
18584 |
| 651 #4 - PUNTO DE ACCESO ADICIONAL DE MATERIA--NOMBRE GEOGRÁFICO |
| Nombre geográfico |
China |
| Subdivisión general |
Historia |
| 9 (RLIN) |
2364 |
| 651 #4 - PUNTO DE ACCESO ADICIONAL DE MATERIA--NOMBRE GEOGRÁFICO |
| Nombre geográfico |
Taiwan |
| Subdivisión general |
Historia |
| Subdivisión cronológica |
1945- |
| 9 (RLIN) |
18585 |
| 700 1# - PUNTO DE ACCESO ADICIONAL--NOMBRE DE PERSONA |
| Nombre de persona |
Casal, Alvaro. |
| Término indicativo de función/relación |
ed. |
| 9 (RLIN) |
18586 |
| 700 1# - PUNTO DE ACCESO ADICIONAL--NOMBRE DE PERSONA |
| Nombre de persona |
Rompani, Santiago, |
| Término indicativo de función/relación |
pról. |
| 9 (RLIN) |
18587 |
| 910 ## - DATOS DE OPCIÓN DEL USUARIO (OCLC) |
| Datos de opción del usuario |
Catalogación por copia / LC |